000 00496nam a2200181Ia 4500
001 1725
005 20260306143749.0
008 260306t2013||||xx |||||||||||||| ||spa||
041 _aESP
082 _a155.232
_bT64
100 _aTovar Bohórquez, José Oliverio
_eAUT
245 0 _aMentes criminales ¿eligen el mal?:
_bestudios de cómo se genera el juicio moral
260 _c2013
300 _axviii, 153 páginas :
_c23 cm.
650 _aGEN
654 _aCPS
942 _cLIB
_dJUS
_fJUS
_2ddc
_n
999 _c1725
_d1725